Social-therapeutic institutions in Germany: description and evaluation
| Authors: | ; |
|---|---|
| Format: | Print Article |
| Language: | English |
| Published: |
1997
|
| In: |
Therapeutic communities for offenders
Year: 1997, Pages: 181-203 |
| Availability in Tübingen: | Present in Tübingen. IFK: 8574 |
| Check availability: | HBZ Gateway |
| Keywords: |
MARC
| LEADER | 00000caa a22000002c 4500 | ||
|---|---|---|---|
| 001 | 1526014394 | ||
| 003 | DE-627 | ||
| 005 | 20230426105812.0 | ||
| 007 | tu | ||
| 008 | 160223s1997 xx ||||| 00| ||eng c | ||
| 020 | |a 047196980X | ||
| 035 | |a (DE-627)1526014394 | ||
| 035 | |a (DE-576)45601439X | ||
| 035 | |a (DE-599)BSZ45601439X | ||
| 040 | |a DE-627 |b ger |c DE-627 |e rakwb | ||
| 041 | |a eng | ||
| 100 | 1 | |a Lösel, Friedrich |d 1945- |0 (DE-588)12082759X |0 (DE-627)080911617 |0 (DE-576)162022999 |4 aut | |
| 109 | |a Lösel, Friedrich 1945- |a Lösel, F. 1945- | ||
| 245 | 1 | 0 | |a Social-therapeutic institutions in Germany: description and evaluation |c Friedrich Lösel, Rudolf Egg |
| 264 | 1 | |c 1997 | |
| 336 | |a Text |b txt |2 rdacontent | ||
| 337 | |a ohne Hilfsmittel zu benutzen |b n |2 rdamedia | ||
| 338 | |a Band |b nc |2 rdacarrier | ||
| 700 | 1 | |a Egg, Rudolf |d 1948- |0 (DE-588)121657248 |0 (DE-627)081448600 |0 (DE-576)160831415 |4 aut | |
| 773 | 0 | 8 | |i In |t Therapeutic communities for offenders |d Chichester [u.a.] : Wiley, 1997 |g (1997), Seite 181-203 |h XVIII, 272 S. |w (DE-627)1619007037 |w (DE-576)06289577X |z 0471965456 |z 047196980X |7 nnam |
| 773 | 1 | 8 | |g year:1997 |g pages:181-203 |
| 935 | |a mkri | ||
| 951 | |a AR | ||
| ELC | |b 1 | ||
| LOK | |0 000 xxxxxcx a22 zn 4500 | ||
| LOK | |0 001 2899517694 | ||
| LOK | |0 003 DE-627 | ||
| LOK | |0 004 1526014394 | ||
| LOK | |0 005 20160223100844 | ||
| LOK | |0 008 160208||||||||||||||||ger||||||| | ||
| LOK | |0 040 |a DE-21-110 |c DE-627 |d DE-21-110 | ||
| LOK | |0 689 |a s |a Sozialtherapeutische Anstalten | ||
| LOK | |0 852 |a DE-21-110 | ||
| LOK | |0 852 1 |c 8574 |m p |9 00 | ||
| LOK | |0 935 |a k110 | ||
| LOK | |0 938 |k p | ||
| LOK | |0 939 |a 08-02-16 |b l01 | ||
| ORI | |a SA-MARC-krimdoka001.raw | ||
| SIG | |a IFK: 8574 | ||
